| 000 | 00901nas a2200301 4500 | ||
|---|---|---|---|
| 001 | BR0503722 | ||
| 003 | BR-BrBNA | ||
| 005 | 20231205105549.0 | ||
| 007 | ta | ||
| 008 | 230509b bl.|||p| |||| 00| 00por d | ||
| 040 |
_aBR-BrBNA _bpor _cBiblioteca Nacional de Agricultura |
||
| 041 | _a(Pt) | ||
| 072 | _aQ03 | ||
| 100 | 1 | _aMolin, C.D. | |
| 100 | 1 | _aSilveira, S.M. da | |
| 245 | 1 | _aOcorrência de cisticercose suína e bovina em animais abatidos no município de Realeza, PR sob serviço de inspeção municipal | |
| 650 | _aBOVINO | ||
| 650 | _aSUÍNO | ||
| 650 | _aCARNE | ||
| 650 | _aINSPEÇÃO SANITÁRIA | ||
| 650 | _aCISTICERCOSE | ||
| 650 | _aTENIA | ||
| 650 | _aABATEDOURO | ||
| 650 | _aFRIGORÍFICO | ||
| 773 | 0 |
_tHigiene Alimentar (Brazil) _xISSN 0101-9171 _g(Jul 2005), v. 19(133) p. 28-32 _wBR0503722 |
|
| 909 |
_a202311 _bLúcia _c55 _dLúcia Elande |
||
| 942 |
_2AGRIS _n0 _cANA |
||
| 999 |
_c183572 _d183572 |
||